Floristic Composition Analysis of Soil Transposition in a Seasonal Forest in Rio Grande do Sul, Brazil (Registro n. 341069)
[ somente texto ]
| 000 -LÍDER | |
|---|---|
| fixed length control field | 02114nab a2200301 i 4500 |
| 003 - CÓDIGO MARC DA AGÊNCIA CATALOGADORA | |
| Campo de controle | BR-BrBNA |
| 005 - DATA E HORA DA ÚLTIMA ATUALIZAÇÃO | |
| Campo de controle | 20260326162833.0 |
| 008 - CAMPO DE TAMANHO FIXO | |
| fixed length control field | 260326b2019 bl.qr|pooa||| 00| 0 eng | |
| 040 ## - FONTE DA CATALOGAÇÃO | |
| Agência catalogadora | BR-BrBNA |
| Idioma da catalogação | eng |
| 072 ## - CATEGORIA AGRIS | |
| Código AGRIS | K10 |
| 072 ## - CATEGORIA AGRIS | |
| Código AGRIS | F03 |
| 100 ## - ENTRADA PRINCIPAL - NOME PESSOAL | |
| Nome pessoal | Piaia, Bruna Balestrin |
| 100 ## - ENTRADA PRINCIPAL - NOME PESSOAL | |
| Nome pessoal | Rovedder, Ana Paula Moreira |
| 100 ## - ENTRADA PRINCIPAL - NOME PESSOAL | |
| Nome pessoal | Piazza, Eliara Marin |
| 100 ## - ENTRADA PRINCIPAL - NOME PESSOAL | |
| Nome pessoal | Stefanello, Maureen de Moraes |
| 100 ## - ENTRADA PRINCIPAL - NOME PESSOAL | |
| Nome pessoal | Felker, Roselene Marostega |
| 100 ## - ENTRADA PRINCIPAL - NOME PESSOAL | |
| Nome pessoal | Costa, Emanuel Arnoni |
| 245 ## - TÍTULO PRINCIPAL | |
| Título principal | Floristic Composition Analysis of Soil Transposition in a Seasonal Forest in Rio Grande do Sul, Brazil |
| 500 ## - NOTA GERAL | |
| Nota geral | Publicação on-line; 41 ref.; 3 tables; 1 illus.; Summary (En) |
| 942 ## - ADDED ENTRY ELEMENTS (KOHA) | |
| Koha item type | Analítica |
| 520 ## - NOTA DE RESUMO | |
| Nota de conteúdo | <br/><br/>ABSTRACT<br/><br/>This study aimed to identify the floristic composition and density of a seed bank transposed<br/>from a Seasonal Forest fragment in Rio Grande do Sul. The seed bank of the (BSI) fragment<br/>center and edge (BSII) of another forest fragment was also evaluated, both at medium to<br/>advanced successional stages. The seed bank was deposited in Brown-Gray Argisol and Red<br/>Argisol using exposed soil plots as control. ANOVA followed by Tukey test (p<0.05) were used<br/>to compare treatments for density and species richness. The density of individuals did not<br/>differ between treatments. Species richness was higher for BSI and BSII treatments in relation<br/>to control. The floristic composition presented different life forms, but was mainly composed of<br/>herbaceous species. It was concluded that the seed bank from the two donor areas contributed<br/>to the expansion of species richness in two soil types.<br/><br/>Keywords: degraded areas, nucleation, seed bank transposition. |
| 650 ## - ASSUNTO - THESAGRO | |
| Cabeçalho tópico ou nome geográfico | NUCLEAÇÃO |
| 650 ## - ASSUNTO - THESAGRO | |
| Cabeçalho tópico ou nome geográfico | SEMENTE |
| 650 ## - ASSUNTO - THESAGRO | |
| Cabeçalho tópico ou nome geográfico | COMPOSIÇÃO BOTÂNICA |
| 773 0# - ENTRADA ANALÍTICA | |
| Host Biblionumber | 2929 |
| Registro do item | 347951 |
| Imprenta | Rio de Janeiro-RJ Instituto de Florestas - UFRRJ 1994 |
| Outro identificador | 2025-0450 |
| Título | Floresta e Ambiente (Brazil) |
| ISSN | 1415-0980 / ISSN 2179-8087 0nline |
| Colação | v. 26(2) p. 1-10; (2019) |
| Número de controle de registro | BR2026000298 |
| 856 ## - ACESSO E ENDEREÇO ELETRÔNICO | |
| Identificador uniforme de recurso - URI | https://www.scielo.br/j/floram/a/S5syQ3MWPhJX9ZwVXjqNrYN/?format=pdf&lang=en |
Nenhum exemplar disponível.

BINAGRI